[Event "28th Avoine Open"]
[Site "Avoine FRA"]
[Date "2013.07.27"]
[Round "8.7"]
[White "Colin,V"]
[Black "Bonnaud,R"]
[Result "1-0"]
[WhiteElo "2402"]
[BlackElo "2197"]

1.Nf3 d5 2.g3 Nf6 3.Bg2 c6 4.O-O Bf5 5.d3 e6 6.Nh4 Bg6 7.Nd2 Be7 8.Nxg6 hxg6
9.e4 O-O 10.e5 Nfd7 11.Re1 c5 12.Qg4 Nc6 13.Nf3 Re8 14.h4 Qc7 15.Bf4 Nd4
16.Rac1 Nxf3+ 17.Bxf3 Qb6 18.Rb1 Nf8 19.h5 Rac8 20.h6 f5 21.exf6 gxf6 22.h7+ Kxh7
23.Kg2 Bd6 24.Rh1+ Kg7 25.Bh6+ Kf7 26.Bxf8 Bxf8 27.Rh7+ Bg7 28.Bxd5 f5 29.Qa4 Qc7
30.Bf3 b6 31.Re1 Rh8 32.Rxh8 Bxh8 33.c3 Rd8 34.Qc4 Qd6 35.a4 a5 36.Kg1 Bf6
37.Bd1 Rd7 38.Bb3 Re7 39.Qa6 Qc6 40.Bc4 Kg7 41.Bb5 Qd6 42.Qa8 Be5 43.Bc4 Qb8
44.Qf3 Qd6 45.Kf1 Bf6 46.Qa8 Qd7 47.Qb8 Qc6 48.Bb5 Qh1+ 49.Ke2 Qb7 50.Qxb7 Rxb7
51.Kd2 Re7 52.Kc2 e5 53.Kb3 Re6 54.Kc4 Rd6 55.Ba6 e4 56.dxe4 fxe4 57.Re2 Rd1
58.Bb7 Rd6 59.Bxe4 Bd8 60.Bd5 Kf6 61.Re8 Kg5 62.f3 Kf6 63.Rf8+ Kg5 64.Be4 Kh6
65.Rg8 Kh7 66.Rxg6 Rxg6 67.Kd5 Kg7 68.Bxg6 Kxg6 69.Kd6 Kf7 70.Kd7 Bf6 71.f4 c4
72.Kc7 b5 73.axb5 Bxc3 74.bxc3 a4 75.b6 a3 76.b7 a2 77.b8=Q a1=Q 78.Qb4 Qf1
79.Qc5 Qd3 80.Qh5+ Kg7 81.Qe5+ Kh7 82.f5 Kg8 83.g4 Kf8  1-0

[Event "28th Avoine Open"]
[Site "Avoine FRA"]
[Date "2013.07.27"]
[Round "8.5"]
[White "Miron,L"]
[Black "Manea,Al"]
[Result "1/2-1/2"]
[WhiteElo "2544"]
[BlackElo "2389"]

1.Nf3 d5 2.g3 Nf6 3.Bg2 c6 4.O-O Bg4 5.d4 Nbd7 6.Nbd2 e6 7.Re1 Be7 8.e4 O-O
9.c3 h6 10.Qb3 Qb6 11.Qxb6 axb6 12.h3 Bh5 13.exd5 Nxd5 14.Nc4 Bxf3 15.Bxf3 b5
16.Ne3 N7b6 17.Be2 Rfd8 18.Nxd5 Rxd5 19.a3 Bg5 20.Bxg5 Rxg5 21.Bf3 Rf5 22.Kg2 Nc4
23.Re2 Nd6 24.h4 h5 25.Rae1 Kf8 26.Rd1 Nc4 27.Be4 Rf6 28.Bd3 Nd6 29.Re5 Rh6
30.Rde1 g6 31.Kf3 Kg7 32.Ke2 Rhh8 33.Kd2 Ra7 34.Kc2 Rha8 35.R1e2 Ra5 36.Kb3 Ra4
37.Re1 Rd8 38.Kc2 Nc4 39.Rg5 Raa8 40.Rc5 Nd6 41.Rce5 Ra7 42.Kb3 Ra4 43.Rg1 Rh8
44.Rge1 Rd8 45.Rc5 Ra7 46.Ra1 Rda8 47.Rd1 Rh8 48.Rg1 Kf6 49.Re5 Ra4 50.Rge1 Rd8
51.f3 Rh8 52.Rf1 Ke7 53.Rh1 Raa8 54.Rhe1 Kf6 55.Kb4 Ra4+ 56.Kb3 Raa8 57.Ka2 Ra7
58.Ra1 Raa8 59.Kb3 Ra4 60.Kc2 Raa8 61.Kd2 Ra4 62.Rh1 Raa8 63.Ke3 Rad8 64.Kf2 Ra8
65.g4 hxg4 66.fxg4 Kg7 67.Kg3 Rad8 68.Rf1 Nc8 69.Rf2 Nb6 70.Re3 Rd7 71.Re5 Nd5
72.Bb1 Nb6 73.Ba2 Rd6 74.Bb3 Rh6 75.Re4 Rh8 76.Re5 Rh6 77.Re4 Rh8 78.Re5  1/2-1/2

[Event "DSK GM Open 2013"]
[Site "Cape Town RSA"]
[Date "2013.07.27"]
[Round "7.7"]
[White "Solomons,D"]
[Black "De Villiers,C"]
[Result "0-1"]
[WhiteElo "2179"]
[BlackElo "2255"]

1.Nf3 d5 2.g3 Nc6 3.Bg2 e5 4.d3 Nf6 5.O-O Be7 6.c3 a5 7.a4 h6 8.Qc2 O-O 9.e4 dxe4
10.dxe4 Bc5 11.Nh4 Re8 12.h3 Nh5 13.Kh2 Nf4 14.gxf4 Qxh4 15.f5 g6 16.Be3 Bd6
17.fxg6 fxg6 18.f3 Nd4 19.Qf2 Qxf2 20.Rxf2 Nb3 21.Ra3 Be6 22.Bf1 Bxa3 23.Nxa3 Kh7
24.Nb5 Re7 25.h4 Rd8 26.Kg3 Red7 27.f4 c6 28.f5 gxf5 29.exf5 Bf7 30.Na3 Nd2
31.Kh2 Nxf1+ 32.Rxf1 Rd1 33.Rf2 Bd5  0-1

[Event "Helmut-Kohls-Turnier"]
[Site "Dortmund GER"]
[Date "2013.07.27"]
[Round "8.5"]
[White "Nalbandian,T"]
[Black "Bluebaum,M"]
[Result "1/2-1/2"]
[WhiteElo "2434"]
[BlackElo "2513"]

1.Nf3 d5 2.g3 Bg4 3.Bg2 Nd7 4.O-O Ngf6 5.d3 c6 6.Qe1 e5 7.e4 dxe4 8.dxe4 Be7
9.Nbd2 O-O 10.Nc4 Qc7 11.Ne3 Bh5 12.Nf5 Nc5 13.Nxe7+ Qxe7 14.Nh4 Ne6 15.f3 Rfd8
16.Be3 Qc7 17.Bh3 Qe7 18.Nf5 Qc7 19.Qb4 Kh8 20.a4 Bg6 21.c3 Rd3 22.Rfe1 Bh5
23.Bf1 Rd7 24.Be2 Bg6 25.Nh4 a5 26.Qb3 Rd6 27.Rad1 Rxd1 28.Rxd1 Nd7 29.Rd2 Ndc5
30.Qd1 Bh5 31.Nf5 h6 32.Kg2 Bg6 33.h4 b6 34.Nd6 f6 35.Bc4 Qe7 36.b3 Kh7 37.Bxe6 Qxe6
38.Bxc5 bxc5 39.Nc4 Qg8 40.Ne3 Rb8 41.c4 Qc8 42.Rd3 Qb7 43.Ng4 Be8 44.Rd8 Rxd8
45.Qxd8 Bh5 46.Nxf6+ gxf6 47.g4 Qg7 48.Kh3 Bf7 49.h5 Qg5 50.Qf8 Bxh5 51.Qe7+ Qg7
52.Qxg7+ Kxg7 53.gxh5 Kf7 54.Kg4 Ke6 55.f4 f5+ 56.exf5+ Kf6 57.fxe5+ Kxe5
58.f6 Kxf6 59.Kf4 Ke6 60.Ke4  1/2-1/2

[Event "15th TCh-Eur Senior"]
[Site "Dresden GER"]
[Date "2013.07.27"]
[Round "8"]
[White "Vasiukov,E"]
[Black "Lehmann,KH1"]
[Result "1-0"]
[WhiteElo "2461"]
[BlackElo "2114"]

1.Nf3 d5 2.g3 Nf6 3.Bg2 g6 4.b3 Bg7 5.Bb2 O-O 6.O-O c6 7.c4 Nbd7 8.Na3 b6
9.Rc1 Bb7 10.Qc2 Rc8 11.Qb1 e6 12.d3 Ne8 13.Bxg7 Nxg7 14.Qb2 Qe7 15.d4 c5
16.Rfd1 cxd4 17.Nxd4 Nf6 18.Nab5 a6 19.Na7 Rc5 20.b4 Rc7 21.b5 Ne4 22.bxa6 Bxa6
23.Nac6 Qc5 24.cxd5 Qxd5 25.Qxb6  1-0

[Event "15th TCh-Eur Senior"]
[Site "Dresden GER"]
[Date "2013.07.27"]
[Round "8"]
[White "Ost Hansen,J"]
[Black "Stebbings,A"]
[Result "1/2-1/2"]
[WhiteElo "2386"]
[BlackElo "2281"]

1.g3 d5 2.Nf3 c6 3.Bg2 Bg4 4.O-O Nd7 5.d3 e6 6.Nbd2 Bd6 7.h3 Bh5 8.e4 Ne7
9.Qe1 O-O 10.Nh2 e5 11.f4 exf4 12.gxf4 Ng6 13.Nb3 dxe4 14.dxe4 Qh4 15.Qd2 Qe7
16.Qf2 Bc7 17.Be3 Rad8 18.Rae1 Bb6 19.c3 Qh4 20.Bxb6 axb6 21.Qe3 Rfe8 22.Nd4 Ne7
23.e5 Nf8 24.Be4 g6 25.Kg2 Nd5 26.Qg3 Qxg3+ 27.Kxg3 Ne6 28.Nxe6 Rxe6 29.Ng4 Bxg4
30.hxg4 f6 31.Bxd5 Rxd5 32.exf6  1/2-1/2

[Event "15th TCh-Eur Senior"]
[Site "Dresden GER"]
[Date "2013.07.27"]
[Round "8"]
[White "Striebich,R"]
[Black "Grevlund,Per"]
[Result "1/2-1/2"]
[WhiteElo "2190"]
[BlackElo "1952"]

1.g3 d5 2.Nf3 Nf6 3.Bg2 e6 4.O-O Nbd7 5.d3 Be7 6.Nbd2 O-O 7.c4 c6 8.b3 b6
9.Bb2 Qc7 10.Rc1 Bb7 11.Qc2 Rfe8 12.a3 Rac8 13.b4 Qb8 14.Qb1 e5 15.e4 d4
16.Bh3 Bd6 17.Nh4 Rcd8 18.Qc2 c5 19.b5 Nf8 20.Qd1 Bc8 21.Bg2 Ng6 22.Nf5 Ne7
23.Nxd6 Qxd6 24.h3 Ng6 25.Nf3 Bd7 26.Ra1 Ra8 27.a4 a6 28.Qb3 a5 29.Bc1 Ra7
30.Bg5 Bc8 31.Bxf6 Qxf6  1/2-1/2

[Event "Politiken Cup 2013"]
[Site "Helsingor DEN"]
[Date "2013.07.27"]
[Round "1.130"]
[White "Hein,Ja"]
[Black "Hyldkrog,L"]
[Result "0-1"]
[WhiteElo "1491"]
[BlackElo "2009"]

1.Nf3 d5 2.g3 Nf6 3.Bg2 e6 4.b3 Be7 5.Bb2 O-O 6.O-O c5 7.d4 Nc6 8.a3 b6 9.Nc3 Bb7
10.Qd3 Qc8 11.Rac1 Ba6 12.Nb5 Ne4 13.c4 Nd6 14.Ne5 Nxe5 15.dxe5 Nxb5 16.cxb5 Bb7
17.e4 Rd8 18.Qe3 dxe4 19.Bxe4 Bxe4 20.Qxe4 Rd2 21.Bc3 Rd5 22.a4 Qd7 23.b4 Rd8
24.bxc5 Bxc5 25.Kg2 h6 26.h4 Rd3 27.Bb4 Bxb4 28.Qxb4 Qd5+ 29.f3 Qxe5 30.Rf2 R3d4
31.Qc3 Qd6 32.Qb3 Qb4 33.Qxb4 Rxb4 34.Ra2 Rdd4 35.Raa1 Rd3 36.Rc2 Rbb3 37.Rf2 g6
38.g4 Kg7 39.Kg3 Kf6 40.Kg2 Ra3 41.Rfa2 Rxa2+ 42.Rxa2 Rb3 43.f4 h5 44.gxh5 gxh5
45.Kf2 Kf5 46.a5 Rxb5 47.axb6 axb6  0-1

[Event "Quebec Open Invitational 2013"]
[Site "Montreal CAN"]
[Date "2013.07.27"]
[Round "8.19"]
[White "Adithya,B"]
[Black "Kraiouchkine,N"]
[Result "1/2-1/2"]
[WhiteElo "2301"]
[BlackElo "2234"]

1.Nf3 d5 2.g3 Nf6 3.Bg2 c6 4.O-O Bg4 5.d3 Bxf3 6.Bxf3 e6 7.Nd2 Nbd7 8.e4 dxe4
9.dxe4 e5 10.Qe2 Bc5 11.a4 a5 12.Nc4 Qe7 13.Bd2 b6 14.Ne3 Bxe3 15.Bxe3 O-O
16.Rfd1 Rfd8 17.b3 c5 18.Qb5 Rab8 19.Rd2 Nf8 20.Rxd8 Qxd8 21.Rd1 Qc7 22.Bg5 Rd8
23.Rd5 Ne6 24.Bxf6 gxf6 25.c3 Kf8 26.h4 Ke7 27.Bh5 Rd6 28.Qa6 c4 29.Rxd6 Kxd6
30.bxc4 Ke7 31.Qa8 Qd8 32.Qb7+ Qc7 33.Qd5 Qd7 34.Bd1 Nc7 35.Qxd7+ Kxd7 36.c5 bxc5
37.Bb3 Ne6 38.Bc4 Ke7 39.Kg2 Ng7 40.Kf3 f5 41.exf5 Nxf5 42.Ke4 Nd6+ 43.Kd5 f5
44.Bd3 e4 45.Bc2 Nf7 46.Bd1 Kf6 47.g4 fxg4 48.Bxg4 Ne5 49.Be2 Nd3 50.Kxe4 Nb2
51.Bb5 Nd1 52.c4 Nc3+ 53.Kf4 h6 54.f3 Ke6 55.Kg4 Kf6 56.Bc6 Ne2 57.f4 Nd4
58.Bd7 Ke7 59.Bb5 Kf6 60.Kh5 Kg7 61.Bd7 Nc2 62.Bb5 Ne3 63.Ba6 Kh7 64.Bb5 Kg7
65.Ba6 Kh7 66.f5 Nxf5 67.Kg4 Kg6 68.Kf4 Kf6 69.Ke4 Ne7 70.Bb7 Ke6 71.Kf4 Ng6+
72.Kg4 Ne5+ 73.Kh5 Nxc4 74.Kxh6 Kf6 75.h5 Ne5 76.Kh7 c4 77.Be4 c3 78.Bc2 Ng4
79.Bg6 Kg5 80.Kg7 Nh6 81.Bb1 Nf5+ 82.Kf7 Ne3 83.Ke6 Kxh5 84.Kd6 Nc4+ 85.Kc5 Nb2
86.Bc2 Nxa4+ 87.Bxa4 Kg5 88.Kc4 c2 89.Bxc2 a4 90.Bxa4  1/2-1/2

[Event "Yinzhou Cup CHN-USA Rapid"]
[Site "Ningbo CHN"]
[Date "2013.07.27"]
[Round "9.2"]
[White "Wen Yang"]
[Black "Shankland,S"]
[Result "1/2-1/2"]
[WhiteElo "2593"]
[BlackElo "2599"]

1.Nf3 d5 2.g3 Nf6 3.Bg2 c6 4.c4 a6 5.b3 Bf5 6.O-O e6 7.Bb2 Be7 8.d3 h6 9.Nbd2 O-O
10.Qc2 Bh7 11.a3 Nbd7 12.Bc3 Rc8 13.Qb2 Ne8 14.b4 Bf6 15.Rfc1 Nd6 16.a4 Re8
17.Ne5 Bxe5 18.Bxe5 Nxe5 19.Qxe5 Qe7 20.Nb3 dxc4 21.dxc4 Rcd8 22.a5 f6 23.Qc3 e5
24.Nc5 Qf7 25.Rd1 Kh8 26.Rd2 Bg8 27.Rad1 Qe7 28.h4 e4 29.e3 Nxc4 30.Rd7 Ne5
31.Rxd8 Rxd8 32.Rxd8 Qxd8 33.Qd4 Qxd4 34.exd4 Nd3 35.Nxb7 Nxb4 36.Bf1 Nd3
37.Nc5 Bc4 38.Nxe4 Nb2 39.Nc5 Bxf1 40.Kxf1 Nc4 41.Nb3 Kg8 42.Ke2 Kf7 43.Kd3 Nd6
44.Nc5 Ke7 45.Nxa6 Nb7 46.Nc5 Nxa5 47.Kc3 Kd6 48.Kb4 Kd5 49.Kxa5 Kxd4 50.Kb6 Kd5
51.h5 f5 52.f3 Kd6 53.Nd3 Kd5 54.Nb4+ Kd4 55.Nxc6+ Ke3 56.Ne5 f4 57.g4 Kd4
58.Nf7 Ke3 59.Ne5 Kd4 60.Nf7 Ke3 61.Nxh6 Kxf3 62.g5 Ke4 63.Ng4 Kf5 64.h6 gxh6
65.gxh6 Kg6  1/2-1/2

[Event "39th Sitges Open"]
[Site "Sitges ESP"]
[Date "2013.07.27"]
[Round "6.4"]
[White "Hansen,TR"]
[Black "Pulvett,D"]
[Result "0-1"]
[WhiteElo "2492"]
[BlackElo "2405"]

1.Nf3 d5 2.g3 c6 3.c4 Bg4 4.Bg2 e6 5.O-O Nd7 6.cxd5 exd5 7.d3 Ngf6 8.Qc2 Be7
9.h3 Bh5 10.e4 O-O 11.Nc3 Nc5 12.g4 Bg6 13.Ne5 dxe4 14.dxe4 Nfd7 15.Rd1 Qc7
16.Nxd7 Nxd7 17.Nd5 Qd8 18.Nxe7+ Qxe7 19.f4 f6 20.Qb3+ Bf7 21.Qxb7 Qc5+ 22.Kh1 Nb6
23.b3 Rad8 24.Rxd8 Rxd8 25.Bb2 h5 26.Qxa7 Rd2 27.Ba3 Qf2 28.Rg1 hxg4 29.Bb4 Re2
30.f5 Qg3 31.e5 Rxg2 32.Rxg2 Bd5  0-1

[Event "14th ch-EUR Ind w"]
[Site "Belgrade SRB"]
[Date "2013.07.28"]
[Round "6.5"]
[White "Guramishvili,S"]
[Black "Molchanova,T"]
[Result "1/2-1/2"]
[WhiteElo "2421"]
[BlackElo "2296"]

1.Nf3 d5 2.g3 Nf6 3.Bg2 e6 4.d4 b5 5.c3 c5 6.a4 b4 7.c4 Bb7 8.cxd5 Bxd5 9.O-O Nbd7
10.Nbd2 a5 11.Re1 cxd4 12.Nxd4 Bxg2 13.Kxg2 Bc5 14.N2b3 Qb6 15.Bg5 h6 16.Bxf6 Nxf6
17.Nxc5 Qxc5 18.Rc1 Qd5+ 19.f3 O-O 20.e4 Qb7 21.Qe2 Nd7 22.Nb5 Ne5 23.f4 Nc6
24.Qc4 Na7 25.Nd6 Qd7 26.e5 Qxa4 27.f5 exf5 28.e6 fxe6 29.Qxe6+ Kh7 30.Rc7 Nc6
31.b3 Qa2+ 32.Re2 Qa1 33.Rxc6 Rf6 34.Qe7 Qd4 35.Qe5 Qxe5 36.Rxe5 Rd8 37.Rd5 a4
38.bxa4 b3 39.Rb6 b2 40.Rxb2 Rdxd6 41.Rc5 f4  1/2-1/2

[Event "14th ch-EUR Ind w"]
[Site "Belgrade SRB"]
[Date "2013.07.28"]
[Round "6.44"]
[White "Gavasheli,A"]
[Black "Rogule,L"]
[Result "1/2-1/2"]
[WhiteElo "2170"]
[BlackElo "2329"]

1.Nf3 d5 2.g3 c6 3.Bg2 Bg4 4.c4 e6 5.cxd5 exd5 6.d3 Nf6 7.O-O Be7 8.h3 Bf5
9.Nbd2 O-O 10.Qc2 h6 11.e4 dxe4 12.dxe4 Be6 13.Nb3 c5 14.Be3 b6 15.Nh4 Nc6
16.Rad1 Qc8 17.Nf5 Bxf5 18.exf5 a5 19.Qe2 a4 20.Nc1 a3 21.b3 Ra5 22.Bxc6 Qxc6
23.Bxh6 Re8 24.Bd2 Ra7 25.Bc3 Bf8 26.Qc2 Ne4 27.h4 Rae7 28.Kh2 Qc8 29.Rd5 Rd7
30.Rfd1 Rxd5 31.Rxd5 b5 32.f3 Nxc3 33.Qxc3 Qc6 34.Rd1 Bd6 35.Qd3 Be5  1/2-1/2

[Event "14th ch-EUR Ind w"]
[Site "Belgrade SRB"]
[Date "2013.07.28"]
[Round "6.5"]
[White "Cramling,P"]
[Black "Charochkina,D"]
[Result "0-1"]
[WhiteElo "2523"]
[BlackElo "2326"]

1.Nf3 d5 2.g3 Nf6 3.Bg2 c6 4.O-O Bg4 5.c4 dxc4 6.Na3 Bxf3 7.Bxf3 e5 8.Nxc4 e4
9.Bg2 Bc5 10.Qc2 Qe7 11.b3 O-O 12.Bb2 Nbd7 13.Rac1 Rfe8 14.Na5 Rab8 15.Bxf6 gxf6
16.Bh3 Ba3 17.Rcd1 Nb6 18.e3 Qc5 19.Nc4 Nxc4 20.bxc4 b5 21.Qc3 bxc4 22.Qxf6 Bb2
23.Qf4 Rbd8 24.Bd7 Re7 25.Bxc6 Qxc6  0-1

[Event "65th ch-MNE 2013"]
[Site "Cetinje SRB"]
[Date "2013.07.28"]
[Round "9.3"]
[White "Tomic,Aleksandar"]
[Black "Blagojevic,Dr"]
[Result "0-1"]
[WhiteElo "1970"]
[BlackElo "2530"]

1.Nf3 d5 2.g3 g6 3.Bg2 Bg7 4.O-O e5 5.d3 Ne7 6.e4 O-O 7.Nc3 d4 8.Nb1 c5 9.Nbd2 Nbc6
10.a4 f6 11.Nc4 Be6 12.Nfd2 Qd7 13.a5 Rab8 14.f4 b5 15.axb6 axb6 16.Nb3 f5
17.Bh3 Qc7 18.Qe2 Rbe8 19.Bd2 Nc8 20.Bg2 Bxc4 21.dxc4 Nd6 22.Qd3 exf4 23.Bxf4 Nb4
24.Qe2 Qe7 25.e5 g5 26.c3 gxf4 27.gxf4 d3 28.Qf2 Ne4 29.Bxe4 fxe4 30.cxb4 Bxe5
31.Qe3 Rxf4 32.Kh1 Ref8 33.Rg1+ Kh8 34.bxc5 Rf2 35.Rg2 Rxg2 36.Kxg2 Qh4 37.h3 Rf3  0-1

[Event "9th Gazi 2013"]
[Site "Gazi GRE"]
[Date "2013.07.28"]
[Round "3"]
[White "Stefanatos,N"]
[Black "Moshovakis,Aggelos"]
[Result "1-0"]
[WhiteElo "1900"]
[BlackElo "1392"]

1.Nf3 d5 2.g3 Nf6 3.Bg2 c5 4.c4 d4 5.O-O Nc6 6.d3 e5 7.e3 dxe3 8.fxe3 Bf5
9.Nxe5 Nxe5 10.Rxf5 Nxd3 11.Bxb7 Qd7 12.Qf3 Ne1 13.Qc6 Rb8 14.Qxd7+ Kxd7
15.Rf2 Rxb7 16.Kf1 Ng4 17.Rxf7+ Kc6 18.Rxb7 Nxh2+ 19.Kxe1 Kxb7 20.Nc3 g6
21.Ne4 Kc6 22.Bd2 Nf3+ 23.Ke2 Nxd2 24.Kxd2 Bg7 25.Nc3 Rd8+ 26.Kc2 Re8 27.Re1 Bxc3
28.Kxc3 Re4 29.Kd3 Rg4 30.Rh1 h5 31.Rh3 Kd6 32.b3 Ke5 33.a3 a5 34.Kc3 Re4
35.Kd3 Rg4 36.Ke2 a4 37.bxa4 Rxc4 38.Rh4 Rc3 39.Kf3 Rxa3 40.Re4+ Kd5 41.Kf4 c4
42.Re5+ Kd6 43.Re4 Rxa4 44.Kg5 Kd5 45.Rd4+ Kc5 46.Kxg6 Ra3 47.Re4 c3 48.Re8 Kb4
49.Rc8 Kb3 50.e4 Ra4 51.e5 Rc4 52.Rxc4 Kxc4 53.e6 c2 54.e7 Kb3 55.e8=Q Kb2
56.Qb5+ Ka1 57.Qa4+ Kb1 58.Qb3+ Ka1 59.Qxc2 h4 60.Qg2  1-0

[Event "Quebec Open Invitational 2013"]
[Site "Montreal CAN"]
[Date "2013.07.28"]
[Round "9.22"]
[White "Masse,H"]
[Black "Wan,Kevin"]
[Result "1-0"]
[WhiteElo "2187"]
[BlackElo "2006"]

1.Nf3 d5 2.g3 Nf6 3.Bg2 c5 4.O-O Nc6 5.d4 cxd4 6.Nxd4 e5 7.Nxc6 bxc6 8.c4 Be6
9.Qa4 Qd7 10.Nc3 Rc8 11.cxd5 Nxd5 12.Nxd5 cxd5 13.Qxd7+ Kxd7 14.Rd1 d4 15.e3 Bc5
16.exd4 Bxd4 17.Be3 Rc4 18.b3 Rb4 19.Bd2 Rb6 20.Bc3 Rd6 21.Bb4 Bg4 22.Rd2 Bc5
23.Rxd6+ Bxd6 24.Bxd6 Kxd6 25.h3 Bd7 26.Rd1+ Kc7 27.Kf1 Bb5+ 28.Ke1 Rd8 29.Rxd8 Kxd8
30.Kd2 Kc7 31.Kc3 Kb6 32.Bd5 f6 33.Be4 g6 34.h4 f5 35.Bd5 Kc5 36.Bg8 h6 37.f4 exf4
38.gxf4 Be2 39.b4+ Kb5 40.Bf7 Ka4 41.Bxg6 Bg4 42.Kd4 Kxb4 43.Ke5 Ka3 44.Bxf5 Bh5
45.Be6  1-0

[Event "14th ch-EUR Ind w"]
[Site "Belgrade SRB"]
[Date "2013.07.29"]
[Round "7.62"]
[White "Petrovic,Mari"]
[Black "Baraeva,I"]
[Result "1-0"]
[WhiteElo "2104"]
[BlackElo "2171"]

1.Nf3 d5 2.g3 c6 3.Bg2 Bg4 4.d3 Nd7 5.O-O e6 6.Nbd2 Bd6 7.h3 Bh5 8.Qe1 Ne7
9.e4 O-O 10.Nh4 e5 11.Kh1 f6 12.f4 dxe4 13.Nxe4 Bc7 14.f5 Nd5 15.Bd2 Bf7
16.Qe2 Qe7 17.a3 a5 18.c4 N5b6 19.Qg4 Kh8 20.Ng6+ hxg6 21.fxg6 Bxg6 22.Qxg6 Qf7
23.Qg4 Rae8 24.Ng5 Qg6 25.Be4 f5 26.Rxf5 Nf6 27.Qh4+ Kg8 28.Rxf6 Qxe4+ 29.Qxe4 Rxf6
30.Qh7+ Kf8 31.Qh8+ Ke7 32.Qxg7+  1-0

[Event "Biel MTO 2013"]
[Site "Biel SUI"]
[Date "2013.07.29"]
[Round "7.11"]
[White "Saric,Iv"]
[Black "Lampert,J"]
[Result "1-0"]
[WhiteElo "2639"]
[BlackElo "2373"]

1.Nf3 d5 2.g3 Nf6 3.Bg2 c5 4.O-O Nc6 5.d4 e6 6.c4 dxc4 7.dxc5 Qxd1 8.Rxd1 Bxc5
9.Nbd2 c3 10.bxc3 O-O 11.Nb3 Be7 12.Nfd4 Bd7 13.Nxc6 Bxc6 14.Bxc6 bxc6 15.f3 Rfd8
16.Bd2 Nd7 17.Na5 Ne5 18.Be3 Rxd1+ 19.Rxd1 Bd8 20.Nb7 Bb6 21.Bf2 h6 22.h3 Rb8
23.Nc5 Bxc5 24.Bxc5 Rb2 25.f4 Nc4 26.Rd8+ Kh7 27.Rd7 Kg6 28.Kf2 Nd2 29.Bxa7 Rxa2
30.g4 Ne4+ 31.Kf3 Nxc3 32.e4 Nb5 33.Be3 Ra3 34.h4 f6 35.f5+ exf5 36.gxf5+ Kh7
37.e5 fxe5 38.f6 Nd4+ 39.Ke4 Ne6 40.Kf5 Nd4+ 41.Bxd4 exd4 42.Rxg7+ Kh8 43.Kg6 Rg3+
44.Kxh6 Rf3 45.Kg6 Rg3+ 46.Kf7 Ra3 47.Rg5 Ra7+ 48.Ke6 c5 49.Rxc5 d3 50.Rc8+ Kh7
51.f7 Ra6+ 52.Ke5 Ra5+ 53.Ke4 Ra4+ 54.Kxd3 Ra3+ 55.Kc2  1-0

[Event "Biel MTO 2013"]
[Site "Biel SUI"]
[Date "2013.07.30"]
[Round "8.13"]
[White "Saric,A"]
[Black "Patuzzo,F"]
[Result "1-0"]
[WhiteElo "2565"]
[BlackElo "2332"]

1.Nf3 d5 2.g3 Nf6 3.Bg2 Bg4 4.O-O Nbd7 5.c4 c6 6.cxd5 cxd5 7.d3 e6 8.h3 Bxf3
9.Bxf3 Bc5 10.Nc3 O-O 11.Bf4 Re8 12.Na4 Bf8 13.Rc1 b5 14.Nc3 Qb6 15.d4 Rac8
16.Qd3 a6 17.a4 Rc4 18.axb5 axb5 19.Be3 Rb8 20.b3 Rc6 21.Bf4 Bd6 22.Bxd6 Rxd6
23.e3 Rc6 24.Be2 b4 25.Na2 Rbc8 26.Qb5 Rb8 27.Qxc6  1-0

[Event "Sparkassen Open A 2013"]
[Site "Dortmund GER"]
[Date "2013.07.30"]
[Round "4.32"]
[White "Noordhoek,H"]
[Black "Reisberg,Andre"]
[Result "0-1"]
[WhiteElo "2090"]
[BlackElo "1955"]

1.Nf3 d5 2.g3 Nf6 3.Bg2 c6 4.O-O Bf5 5.b3 e6 6.Bb2 h6 7.d3 Be7 8.c4 O-O 9.Nbd2 a5
10.a3 Na6 11.Re1 Bh7 12.Qc2 Rc8 13.Rec1 Bc5 14.e4 b5 15.Qd1 dxe4 16.Bxf6 Qxf6
17.Nxe4 Bxe4 18.dxe4 Qb2 19.Qd2 Qxd2 20.Nxd2 Rfd8 21.Rc2 b4 22.a4 Bd4 23.Rb1 Nc5
24.Bf3 Rd6 25.e5 Bxe5 26.Ne4 Nxe4 27.Bxe4 c5 28.Rcc1 Rcd8 29.Bf3 Rd3 30.Rd1 Bf6
31.Be2 Rd2 32.Kf1 Kf8 33.Rxd2 Rxd2 34.Rd1 Rb2 35.Rd3 Bd4 36.h3 e5 37.f3 Ke7
38.h4 f5 39.g4 e4 40.fxe4 fxe4 41.Rg3 e3 42.Bd1 Rf2+  0-1

[Event "Sparkassen Open A 2013"]
[Site "Dortmund GER"]
[Date "2013.07.30"]
[Round "4.13"]
[White "Mundorf,J"]
[Black "Strathoff,M"]
[Result "0-1"]
[WhiteElo "2205"]
[BlackElo "2059"]

1.Nf3 d5 2.g3 Nf6 3.Bg2 e6 4.O-O Be7 5.c4 O-O 6.d4 Nbd7 7.Qc2 c6 8.b3 Ne4
9.Ba3 Bxa3 10.Nxa3 Qe7 11.Qb2 f5 12.e3 g5 13.Nc2 dxc4 14.bxc4 g4 15.Ne5 Nxe5
16.dxe5 Nd2 17.Rfd1 Nxc4 18.Qd4 Nb6 19.a4 Nd7 20.Ne1 Qc5 21.Nd3 Qxd4 22.exd4 Nb6
23.a5 Nd5 24.Bxd5 cxd5 25.Rdc1 Rf7 26.Rab1 Re7 27.Nc5 Kf7 28.Kf1 Ke8 29.Ke2 Kd8
30.Ke3 Rc7 31.Rc3 Rc6 32.a6 b6 33.Nb7+ Bxb7 34.axb7 Rxc3+ 35.Kd2 Rb8 36.Kxc3 Rxb7
37.Kb4 Rc7 38.h3 a6 39.hxg4 fxg4 40.Rh1 Rc4+ 41.Kb3 Rxd4 42.Rxh7 a5 43.Rb7 Rb4+
44.Kc3 d4+ 45.Kd3 a4 46.Ra7 Kc8 47.Re7 Kb8 48.Rxe6 a3 49.Re8+ Kb7 50.e6 a2
51.e7 a1=Q 52.Rb8+ Kc7 53.e8=Q Qb1+  0-1

[Event "9th Tabor Open 2013"]
[Site "Tabor CZE"]
[Date "2013.07.30"]
[Round "4.8"]
[White "Ganaus,H"]
[Black "Lacina,F1"]
[Result "1-0"]
[WhiteElo "2257"]
[BlackElo "2072"]

1.Nf3 d5 2.g3 c5 3.Bg2 Nc6 4.O-O Nf6 5.d3 e5 6.a3 Be7 7.c3 a5 8.a4 O-O 9.Na3 h6
10.Nd2 Be6 11.e4 Qd7 12.exd5 Nxd5 13.Nac4 Bh3 14.Re1 Bxg2 15.Kxg2 f6 16.Qb3 Kh7
17.Qc2 g6 18.Nf3 Qg4 19.h3 Qd7 20.h4 Rfd8 21.h5 Nf4+ 22.Bxf4 exf4  1-0

[Event "14th ch-EUR Ind w"]
[Site "Belgrade SRB"]
[Date "2013.07.31"]
[Round "8.46"]
[White "Chelushkina,I"]
[Black "Makka,I"]
[Result "1-0"]
[WhiteElo "2265"]
[BlackElo "2171"]

1.g3 d5 2.Nf3 c6 3.Bg2 Bg4 4.Ne5 Bf5 5.d4 Nf6 6.O-O e6 7.c4 Nbd7 8.Nc3 Be7
9.h3 h6 10.Qb3 Qb6 11.Nxd7 Nxd7 12.e4 dxe4 13.Nxe4 O-O 14.Be3 Rfd8 15.Qc3 Qb4
16.Qc1 Nb6 17.b3 Bxe4 18.Bxe4 Bf6 19.Rd1 Qe7 20.a4 Nc8 21.c5 Qe8 22.b4 Ne7
23.b5 Nd5 24.Rb1 Rac8 25.bxc6 Qxc6 26.Qb2 Rd7 27.Qb3 Rcd8 28.Bf4 b6 29.Be3 Qc7
30.cxb6 Nxb6 31.Rdc1 Qd6 32.Bc6 Re7 33.Bf4 e5 34.dxe5 Bxe5 35.Rd1 Qc7 36.Rxd8+ Qxd8
37.Be3 Qd6 38.Bg2 Re6 39.a5 Nc8 40.Rd1 Qc7 41.Rc1 Qd7 42.Qb7 Qxb7 43.Bxb7 Nd6
44.a6 Nb5 45.Rc5 Nc7 46.Ra5 Bc3 47.Ra3 Nb5 48.Ra4 Rd6 49.Rc4 Bd4 50.Bf4 Rd8
51.Kg2 Kf8 52.Rb4 Nc3 53.Bc7 Rd7 54.Bb8 Rd8 55.Bf3 Ke7 56.Rb7+ Rd7 57.Bc6 Rxb7
58.axb7 a5 59.Bc7 Ba7 60.b8=Q Bxb8 61.Bxb8 Ke6 62.Bc7 a4 63.Ba5 Ne2 64.Bxa4 f6
65.h4 Nd4 66.Bc3 Nf5 67.Bb3+ Kd7 68.h5 Nd6 69.Bb4 Nf5 70.g4 Nd4 71.Bc4 Kc8
72.Bc5 Nc2 73.Kf1  1-0

[Event "14th ch-EUR Ind w"]
[Site "Belgrade SRB"]
[Date "2013.07.31"]
[Round "8.11"]
[White "Kovalevskaya,E"]
[Black "Mammadova,G"]
[Result "1-0"]
[WhiteElo "2407"]
[BlackElo "2322"]

1.Nf3 d5 2.g3 c6 3.Bg2 Nf6 4.O-O g6 5.d4 Bg7 6.Be3 O-O 7.Qc1 Re8 8.Bh6 Nbd7
9.Bxg7 Kxg7 10.c4 e5 11.cxd5 Nxd5 12.dxe5 Nxe5 13.Nxe5 Rxe5 14.e4 Nf6 15.Nd2 Be6
16.Qc3 Qd6 17.Rac1 Qc7 18.f4 Rb5 19.b3 Rd8 20.Nf3 Qa5 21.Qb2 Qb4 22.Rfe1 a5
23.h3 a4 24.g4 h6 25.g5 hxg5 26.fxg5 Rxg5 27.Nxg5 Rd2 28.Nxe6+ fxe6 29.Qe5 Qb6+
30.Kh1 Qf2 31.Rg1 Qh4 32.Rcd1 Rf2 33.Rgf1  1-0

[Event "14th ch-EUR Ind w"]
[Site "Belgrade SRB"]
[Date "2013.07.31"]
[Round "8.1"]
[White "Gunina,V"]
[Black "Hoang Thanh Trang"]
[Result "0-1"]
[WhiteElo "2507"]
[BlackElo "2467"]

1.Nf3 d5 2.g3 Nf6 3.Bg2 c5 4.d4 cxd4 5.O-O e6 6.Nxd4 e5 7.Nb3 Be6 8.Bg5 Nbd7
9.e4 dxe4 10.Nc3 Be7 11.Bxf6 Nxf6 12.Qxd8+ Rxd8 13.Nxe4 Nxe4 14.Bxe4 b6 15.Bc6+ Bd7
16.Bxd7+ Kxd7 17.f4 exf4 18.Rxf4 Bf6 19.Ra4 a5 20.Rc4 Rhe8 21.Rd1+ Ke7 22.Re4+ Kf8
23.Rxe8+ Rxe8 24.c3 a4 25.Nd4 Re4 26.Nf3 a3 27.bxa3 Re3 28.Kf2 Rxc3 29.Rd2 Rxa3
30.Rc2 g6 31.Ke2 Kg7 32.Nd2 h5 33.Nc4 Ra6 34.Nd6 Be7 35.Nb5 Bc5 36.Nc3 f5
37.Kd3 Ra8 38.Re2 h4 39.gxh4 Rd8+ 40.Kc2 Rh8 41.Nd5 Rxh4 42.Nc7 Bg1 43.Kd3 Rxh2
44.Re7+ Kf6 45.Nd5+ Kg5 46.a4 Rh4 47.Nc3 Bd4 48.Ne2 Bc5 49.Ra7 f4 50.Rf7 Rh3+
51.Kc2 f3 52.Nc3 Kg4 53.Ne4 Rh2+ 54.Kd3 Re2 55.Nf6+ Kg3 56.Ne4+ Rxe4 57.Kxe4 f2
58.Rf6 g5 59.Kd3 Kg2 60.Ke2 g4 61.Rf5 Kg1 62.a5 bxa5  0-1

[Event "Biel MTO 2013"]
[Site "Biel SUI"]
[Date "2013.07.31"]
[Round "9.5"]
[White "Hausrath,D"]
[Black "Smeets,J"]
[Result "1-0"]
[WhiteElo "2516"]
[BlackElo "2643"]

1.Nf3 d5 2.g3 Nf6 3.Bg2 c6 4.O-O Bg4 5.d3 h6 6.c4 e6 7.Be3 dxc4 8.dxc4 Nbd7
9.Nc3 Qc7 10.a3 Be7 11.b4 e5 12.c5 O-O 13.Qb3 Rfd8 14.Rfd1 a5 15.h3 Be6 16.Qb2 Nd5
17.Bd2 b6 18.Nxd5 cxd5 19.cxb6 Qxb6 20.e3 Rab8 21.Bc3 f6 22.Rab1 axb4 23.axb4 Qb7
24.b5 Nb6 25.Bb4 Bf5 26.Bxe7 Qxe7 27.Rbc1 Nc4 28.Qb3 Qa3 29.Nd2 Be6 30.Bf1 Qxb3
31.Nxb3 Rdc8 32.Nd2 Kf7 33.Nxc4 dxc4 34.Rb1 Ke7 35.Rb4 Rc5 36.b6 Bd5 37.Bg2 e4
38.g4 Ke6 39.Rd4 Ke5 40.Bxe4 c3 41.Bxd5 Rxd5 42.Rdc4 Rd6 43.Rc5+ Ke6 44.Rxc3 Rdxb6
45.Rxb6+ Rxb6 46.Rc7  1-0